Scènes d'Harry Potter 1 dans le désordre - Statistiques

Statistiques générales
  • Ce quiz a été pris 2 255 fois
    270 depuis la dernière actualisation
  • Le résultat moyen est 7 sur 17
Statistiques - réponses
Hint Explanation Réponse % Correct
Chapitre 2 Une vitre disparaît
86%
Chapitre 1 Le survivant
80%
Chapitre 3 Les lettres de nulle part
78%
Chapitre 4 Le gardien des clés
76%
Chapitre 6 Rendez-vous sur la voie 9 3/4
61%
Chapitre 5 Le Chemin de Traverse
61%
Chapitre 7 Le Choixpeau magique
52%
Chapitre 9 Duel à minuit
44%
Chapitre 17 L’homme aux deux visages
32%
Chapitre 8 Le maître des potions
30%
Chapitre 16 Sous la trappe
27%
Chapitre 11 Le match de Quidditch
23%
Chapitre 15 La Forêt interdite
21%
Chapitre 12 Le miroir du Riséd
20%
Chapitre 10 Halloween
17%
Chapitre 13 Nicolas Flamel
15%
Chapitre 14 Norbert le dragon
11%
Aucun quiz correspondant
Distribution des résultats
% des personnes avec chaque résultat
Percentile par nombre de réponses
Votre historique - résultats
Vous n’avez pas pris ce quiz depuis la dernière actualisation